| 000 | 00520nam a22001697a 4500 | ||
|---|---|---|---|
| 003 | OSt | ||
| 005 | 20251201103936.0 | ||
| 008 | 251201b |||||||| |||| 00| 0 eng d | ||
| 020 | _a978-971-610-058-2 | ||
| 040 |
_aDWCL - Main _cOC |
||
| 082 | _aFil. 899.211 B171f 2019 | ||
| 100 | _aBalagtas, Francisco | ||
| 245 |
_aFlorante and Laura / _cFrancisco Balagtas |
||
| 260 |
_aQuezon City, Philippines: _bIsa-Jecho Publishing, Inc., _cc2019. |
||
| 300 |
_av, 223 pages; _billustration; _c20 cm. |
||
| 942 |
_2ddc _cBK - FIL _n0 |
||
| 999 |
_c6635 _d6635 |
||